| 000 | 00823nam a2200253 a 4500 | ||
|---|---|---|---|
| 001 | 21149 | ||
| 003 | VRT | ||
| 005 | 20260217160655.0 | ||
| 008 | 060711s1954 cs slo c | ||
| 035 | _aUKB000298227 | ||
| 039 | 9 |
_a201910301012 _bAUTHORITY _c200704131318 _dzofia |
|
| 040 |
_aBAA001 _bslo _cBAA001 _eAACR2 |
||
| 041 | 1 | _aslo | |
| 044 |
_acs _cCS |
||
| 100 | 0 |
_aHviezdoslav, Pavol Országh, _d1849-1921 |
|
| 245 | 0 | 0 |
_aSpisy P.O. Hviezdoslava v dvanástich zväzkoch _n7. zväzok _pPrechádzky jarom - Prechádzky letom |
| 260 |
_aBratislava _bSlovenské vydavateľstvo krásnej literatúry _c1954 |
||
| 300 | _a248 s | ||
| 910 | _aukb | ||
| 942 |
_2ddc _cKLDO _n0 |
||
| 949 |
_61800142663 _a20.D.03270 _bKD.7317-64 |
||
| 949 |
_618001769696 _a20.D.03270 _bKD.7165-64 |
||
| 949 |
_61800292653 _a20.D.03270 _bK.3159-55 |
||
| 999 |
_c21149 _d21149 |
||